| 000 | 00335nam a2200121Ia 4500 | ||
|---|---|---|---|
| 008 | 150201s2008 xx 000 0 und d | ||
| 082 |
_a5.133 _bPAT |
||
| 100 | _aPatel,R.B | ||
| 245 | _aFundamentals of computers & programming in C | ||
| 260 |
_bKhanna Books Publishing Co. Ltd. _aN. Delhi _c2008 |
||
| 300 | _a962p. | ||
| 942 |
_2ddc _cBK _012 |
||
| 999 |
_c4982 _d4982 |
||